Keyword in context (KWIC) indexing of selected articles and reprints of the Society of Petroleum Engineers and others, 1942-1973.

Bibliographic Details
Other Authors: Eckles, Wes (Editor), Jones, W. B.
Format: Book
Language:English
Published: Houston, Tex., Sunoco [1974?]
Subjects:

MARC

Tag First Indicator Second Indicator Subfields
LEADER 00000cam a2200000M 4500
001 in00000548713
005 20231205095557.0
008 750310s1974 txu bi 000 0 eng d
019 |a 2043568 
035 |a (OCoLC)ocm38612201  
035 |a (OCoLC)38612201  |z (OCoLC)2043568 
035 |a (OCoLC)ocm38612201  
040 |a STF  |b eng  |c STF  |d OCL  |d OCLCQ  |d OCLCF  |d OCLCO  |d OCLCQ  |d OCL  |d OCLCO  |d IXA 
050 4 |a TN871  |b .S6823 
245 0 0 |a Keyword in context (KWIC) indexing of selected articles and reprints of the Society of Petroleum Engineers and others, 1942-1973.  |c Edited by Wes Eckles, Jr. Documentation by W.B. Jones. 
260 |a Houston, Tex.,  |b Sunoco  |c [1974?] 
300 |a 1 volume (unpaged)  |c 36 cm 
336 |a text  |b txt  |2 rdacontent 
337 |a unmediated  |b n  |2 rdamedia 
338 |a volume  |b nc  |2 rdacarrier 
500 |a Cover title. 
610 2 0 |a Society of Petroleum Engineers of AIME  |v Bibliography. 
650 0 |a Petroleum engineering  |v Bibliography. 
650 0 |a Petroleum engineering  |v Indexes. 
650 6 |a Technique du pétrole  |v Bibliographie. 
650 6 |a Technique du pétrole  |v Index. 
610 2 7 |a Society of Petroleum Engineers of AIME.  |2 fast  |0 (OCoLC)fst00536218 
650 7 |a Petroleum engineering.  |2 fast  |0 (OCoLC)fst01059492 
655 7 |a Bibliographies.  |2 fast  |0 (OCoLC)fst01919895 
655 7 |a Indexes.  |2 fast  |0 (OCoLC)fst01423761 
655 7 |a Indexes.  |2 lcgft 
700 1 |a Eckles, Wes  |e editor. 
700 1 |a Jones, W. B. 
948 |h HELD BY TXA - 3 OTHER HOLDINGS 
994 |a Z0  |b TXA 
999 f f |s d0de1bb5-48fb-3f67-ba0b-7735cb32c9da  |i 961e0afe-5298-3af0-a2d0-6d844fd99072  |t 0 
952 f f |p ric  |a Texas A&M University  |b Rellis Campus  |c Joint Library Facility  |s JLF  |d Remote Storage  |t 0  |e TN871 .S58 1973  |f Oversize  |h Library of Congress classification  |i unmediated -- volume  |m A14808221542